[Event "msr26ss"]
[Site "?"]
[Date "2026.03.26"]
[Round "6.20"]
[White "Sugarova, Natalia"]
[Black "Havaldova, Natalia"]
[Result "0-1"]
[BlackElo "1552"]
[WhiteElo "1000"]
[LiveChessVersion "1.4.8"]

1. e4 {[%clk 0:10:02]} e5 {[%clk 0:10:04]} 2. Nf3 {[%clk 0:10:03]} Nc6
{[%clk 0:10:05]} 3. Bc4 {[%clk 0:10:03]} Bc5 {[%clk 0:10:07]} 4. O-O
{[%clk 0:10:02]} d6 {[%clk 0:10:07]} 5. d3 {[%clk 0:10:01]} Be6 {[%clk 0:10:08]}
6. Bxe6 {[%clk 0:09:58]} fxe6 {[%clk 0:10:09]} 7. Nc3 {[%clk 0:09:42]} Nf6
{[%clk 0:09:56]} 8. Ng5 {[%clk 0:09:23]} d5 {[%clk 0:09:25]} 9. Nxe6
{[%clk 0:09:17]} Qe7 {[%clk 0:09:19]} 10. Nxc5 {[%clk 0:09:09]} Qxc5
{[%clk 0:09:19]} 11. exd5 {[%clk 0:09:05]} Nxd5 {[%clk 0:09:18]} 12. Nxd5
{[%clk 0:08:38]} Qxd5 {[%clk 0:09:18]} 13. Re1 {[%clk 0:08:32]} O-O-O
{[%clk 0:09:17]} 14. Qg4+ {[%clk 0:08:29]} Qd7 {[%clk 0:09:16]} 15. Qxd7+
{[%clk 0:08:03]} Rxd7 {[%clk 0:09:17]} 16. Be3 {[%clk 0:07:59]} Nb4
{[%clk 0:09:13]} 17. Re2 {[%clk 0:07:43]} b6 {[%clk 0:09:07]} 18. a3
{[%clk 0:07:34]} Nc6 {[%clk 0:08:58]} 19. b4 {[%clk 0:07:14]} Rhd8
{[%clk 0:08:55]} 20. g3 {[%clk 0:07:01]} h6 {[%clk 0:08:09]} 21. Rd1
{[%clk 0:06:55]} Ne7 {[%clk 0:08:08]} 22. Bc1 {[%clk 0:06:08]} Rd5
{[%clk 0:07:22]} 23. Bb2 {[%clk 0:05:50]} Ng6 {[%clk 0:06:52]} 24. c4
{[%clk 0:05:12]} Rxd3 {[%clk 0:05:42]} 25. Rxd3 {[%clk 0:05:12]} Rxd3
{[%clk 0:05:43]} 26. Bxe5 {[%clk 0:05:11]} Nxe5 {[%clk 0:05:44]} 27. Rxe5
{[%clk 0:05:11]} Rxa3 {[%clk 0:05:45]} 28. c5 {[%clk 0:05:06]} Rb3
{[%clk 0:05:32]} 29. c6 {[%clk 0:05:01]} Kd8 {[%clk 0:05:32]} 30. Rd5+
{[%clk 0:04:48]} Ke8 {[%clk 0:04:42]} 31. Rd7 {[%clk 0:04:38]} Rxb4
{[%clk 0:04:43]} 32. Rxc7 {[%clk 0:04:36]} Rc4 {[%clk 0:04:44]} 33. Rxg7
{[%clk 0:04:06]} a5 {[%clk 0:04:44]} 34. c7 {[%clk 0:04:03]} a4 {[%clk 0:04:37]}
35. c8=Q+ {[%clk 0:03:36]} Rxc8 {[%clk 0:04:37]} 36. Ra7 {[%clk 0:03:34]} b5
{[%clk 0:04:37]} 37. Ra5 {[%clk 0:03:31]} Rb8 {[%clk 0:04:36]} 38. Kf1
{[%clk 0:03:32]} Kd7 {[%clk 0:04:37]} 39. Ke2 {[%clk 0:03:30]} Kc6
{[%clk 0:04:38]} 40. Ra6+ {[%clk 0:03:28]} Kc5 {[%clk 0:04:30]} 41. Kd2
{[%clk 0:03:22]} Rb6 {[%clk 0:04:00]} 42. Ra5 {[%clk 0:03:07]} Kb4
{[%clk 0:04:01]} 43. Ra8 {[%clk 0:03:07]} a3 {[%clk 0:03:57]} 44. Kc2
{[%clk 0:03:07]} Rc6+ {[%clk 0:03:59]} 45. Kb1 {[%clk 0:03:05]} Kb3
{[%clk 0:03:55]} 46. f4 {[%clk 0:02:46]} Re6 {[%clk 0:03:43]} 47. Kc1
{[%clk 0:02:45]} a2 {[%clk 0:03:35]} 48. f5 {[%clk 0:02:29]} Re4 {[%clk 0:03:02]}
49. Ra5 Ra4 {[%clk 0:02:36]} 50. Rxb5+ {[%clk 0:01:37]} Ka3 {[%clk 0:02:31]} 51.
Rb1 {[%clk 0:00:56]} axb1=Q+ 52. Kxb1 {[%clk 0:00:56]} Ra6 {[%clk 0:02:25]} 53.
Kc2 {[%clk 0:00:56]} Rf6 {[%clk 0:02:26]} 54. g4 {[%clk 0:00:57]} h5
{[%clk 0:02:24]} 55. h3 {[%clk 0:00:58]} hxg4 {[%clk 0:02:15]} 56. hxg4
{[%clk 0:00:58]} Kb4 {[%clk 0:02:12]} 57. Kd3 {[%clk 0:00:59]} Kc5
{[%clk 0:02:11]} 58. Ke4 {[%clk 0:01:00]} Kd6 {[%clk 0:02:12]} 59. g5
{[%clk 0:00:52]} Rf8 {[%clk 0:02:11]} 60. g6 {[%clk 0:00:45]} Ke7
{[%clk 0:02:02]} 61. Ke5 {[%clk 0:00:45]} Ra8 {[%clk 0:01:05]} 62. f6+
{[%clk 0:00:26]} Kf8 {[%clk 0:01:06]} 63. Ke6 {[%clk 0:00:13]} Ra6+
{[%clk 0:01:07]} 64. Kf5 {[%clk 0:00:12]} Ra5+ {[%clk 0:01:08]} 65. Ke6
{[%clk 0:00:13]} Ra6+ {[%clk 0:01:10]} 66. Kf5 {[%clk 0:00:12]} Ra5+
{[%clk 0:01:11]} 67. Kg4 {[%clk 0:00:12]} Kg8 {[%clk 0:01:09]} 68. f7+
{[%clk 0:00:08]} Kg7 {[%clk 0:01:07]} 69. Kf4 {[%clk 0:00:08]} Rb5
{[%clk 0:00:59]} 70. Kg4 {[%clk 0:00:07]} Rb6 {[%clk 0:00:56]} 71. Kf5
{[%clk 0:00:03]} Rxg6 {[%clk 0:00:55]} 0-1

[Event "msr26ss"]
[Site "?"]
[Date "2026.03.26"]
[Round "6.21"]
[White "Roharova, Emily Rachel"]
[Black "Benci, Jozef"]
[Result "0-1"]
[BlackElo "2186"]
[WhiteElo "1713"]
[LiveChessVersion "1.4.8"]

1. e4 {[%clk 0:10:01]} c5 {[%clk 0:09:57]} 2. Nf3 {[%clk 0:09:58]} d6
{[%clk 0:09:57]} 3. c3 {[%clk 0:09:50]} Nf6 {[%clk 0:09:57]} 4. e5
{[%clk 0:09:50]} dxe5 {[%clk 0:09:55]} 5. Nxe5 {[%clk 0:09:49]} Nbd7
{[%clk 0:09:39]} 6. Nf3 {[%clk 0:09:46]} e6 {[%clk 0:09:25]} 7. d4
{[%clk 0:09:37]} cxd4 {[%clk 0:09:20]} 8. cxd4 {[%clk 0:09:36]} b6
{[%clk 0:09:11]} 9. Nc3 {[%clk 0:09:24]} Bb7 {[%clk 0:09:10]} 10. Bc4
{[%clk 0:09:12]} Rc8 {[%clk 0:08:39]} 11. Bb3 {[%clk 0:08:50]} Bb4
{[%clk 0:08:36]} 12. Bd2 {[%clk 0:08:48]} O-O {[%clk 0:08:29]} 13. O-O
{[%clk 0:08:41]} a6 {[%clk 0:07:38]} 14. a3 {[%clk 0:08:23]} Be7 {[%clk 0:07:30]}
15. Re1 {[%clk 0:08:12]} b5 {[%clk 0:07:26]} 16. Be3 {[%clk 0:07:46]} Nb6
{[%clk 0:07:03]} 17. Ne5 {[%clk 0:06:43]} Nfd5 {[%clk 0:06:46]} 18. Nxd5
{[%clk 0:06:29]} Bxd5 {[%clk 0:06:29]} 19. Bxd5 {[%clk 0:06:21]} Qxd5
{[%clk 0:06:26]} 20. Qf3 {[%clk 0:05:43]} Qxf3 {[%clk 0:05:19]} 21. Nxf3
{[%clk 0:05:42]} Nc4 {[%clk 0:03:58]} 22. b3 {[%clk 0:05:16]} Nxa3
{[%clk 0:03:43]} 23. h3 {[%clk 0:04:53]} Nc2 {[%clk 0:03:38]} 24. Rxa6
{[%clk 0:04:51]} Nxe1 {[%clk 0:03:38]} 25. Nxe1 {[%clk 0:04:51]} Ra8
{[%clk 0:10:02]} 0-1

[Event "msr26ss"]
[Site "?"]
[Date "2026.03.26"]
[Round "6.22"]
[White "Kostka, Pavol"]
[Black "Sykora, Jakub"]
[Result "1/2-1/2"]
[BlackElo "1667"]
[WhiteElo "1870"]
[LiveChessVersion "1.4.8"]

1. e4 {[%clk 0:10:02]} c6 {[%clk 0:09:59]} 2. d4 {[%clk 0:10:02]} d5
{[%clk 0:10:00]} 3. Nc3 {[%clk 0:10:02]} dxe4 {[%clk 0:10:00]} 4. Nxe4
{[%clk 0:10:02]} Nf6 {[%clk 0:10:00]} 5. Nxf6+ {[%clk 0:10:01]} exf6
{[%clk 0:10:01]} 6. Bc4 {[%clk 0:09:50]} Bd6 {[%clk 0:09:50]} 7. Nf3
{[%clk 0:09:47]} Nd7 {[%clk 0:09:47]} 8. O-O {[%clk 0:09:43]} O-O
{[%clk 0:09:46]} 9. h3 {[%clk 0:09:23]} Re8 {[%clk 0:09:36]} 10. Be3
{[%clk 0:08:56]} Nb6 {[%clk 0:09:15]} 11. Bb3 {[%clk 0:08:50]} Nd5
{[%clk 0:09:07]} 12. Re1 {[%clk 0:08:20]} Bf5 {[%clk 0:08:38]} 13. a3
{[%clk 0:07:37]} Rc8 {[%clk 0:08:13]} 14. c4 {[%clk 0:07:30]} Nxe3
{[%clk 0:07:54]} 15. fxe3 {[%clk 0:07:24]} a6 {[%clk 0:07:10]} 16. c5
{[%clk 0:07:02]} Bg3 {[%clk 0:06:55]} 17. Re2 {[%clk 0:06:27]} Be4
{[%clk 0:06:05]} 18. Qd2 {[%clk 0:05:24]} Bxf3 {[%clk 0:05:38]} 19. gxf3
{[%clk 0:05:22]} Qd7 {[%clk 0:05:20]} 20. Kg2 {[%clk 0:04:52]} Bh4
{[%clk 0:05:04]} 21. Rg1 {[%clk 0:03:52]} Qc7 {[%clk 0:04:46]} 22. Kf1
{[%clk 0:03:47]} Qd7 {[%clk 0:04:26]} 23. Rg4 {[%clk 0:03:32]} Bg5
{[%clk 0:04:17]} 24. h4 {[%clk 0:03:28]} Bh6 {[%clk 0:04:15]} 25. Qd3
{[%clk 0:02:21]} f5 {[%clk 0:03:39]} 26. Rg3 {[%clk 0:02:02]} Re7
{[%clk 0:03:10]} 27. Bc2 {[%clk 0:01:43]} Rce8 {[%clk 0:02:50]} 28. Kf2
{[%clk 0:01:16]} g6 {[%clk 0:02:24]} 29. h5 {[%clk 0:00:57]} f4 {[%clk 0:02:06]}
30. Rg4 {[%clk 0:00:40]} fxe3+ {[%clk 0:02:05]} 31. Kg2 {[%clk 0:00:38]} Qd5
{[%clk 0:01:56]} 32. hxg6 {[%clk 0:00:26]} hxg6 {[%clk 0:01:56]} 33. Rxg6+
{[%clk 0:00:19]} fxg6 {[%clk 0:01:44]} 34. Bb3 {[%clk 0:00:18]} Qxb3
{[%clk 0:01:38]} 35. Qxb3+ {[%clk 0:00:19]} Kg7 {[%clk 0:01:38]} 36. Qc3
{[%clk 0:00:19]} Bg5 {[%clk 0:01:36]} 37. d5+ {[%clk 0:00:19]} Bf6
{[%clk 0:01:37]} 38. Qd3 {[%clk 0:00:19]} cxd5 {[%clk 0:01:34]} 39. Qxd5
{[%clk 0:00:18]} Kf8 {[%clk 0:01:23]} 40. Kg3 {[%clk 0:00:16]} Be5+
{[%clk 0:01:22]} 41. f4 {[%clk 0:00:15]} Bf6 {[%clk 0:01:21]} 42. Rh2
{[%clk 0:00:13]} Kg7 {[%clk 0:01:19]} 1/2-1/2

[Event "msr26ss"]
[Site "?"]
[Date "2026.03.26"]
[Round "6.23"]
[White "Petrik, Richard"]
[Black "Macakova, Bianka"]
[Result "0-1"]
[BlackElo "1795"]
[WhiteElo "1613"]
[LiveChessVersion "1.4.8"]

1. e4 {[%clk 0:10:02]} c5 {[%clk 0:10:03]} 2. Nf3 {[%clk 0:10:02]} Nc6
{[%clk 0:10:04]} 3. Nc3 {[%clk 0:10:03]} g6 {[%clk 0:10:01]} 4. Bc4
{[%clk 0:10:00]} Bg7 {[%clk 0:10:00]} 5. d3 {[%clk 0:09:56]} Nf6 {[%clk 0:09:51]}
6. Bf4 {[%clk 0:09:50]} O-O {[%clk 0:09:38]} 7. Qd2 {[%clk 0:09:49]} d6
{[%clk 0:09:27]} 8. O-O {[%clk 0:09:26]} Na5 {[%clk 0:08:10]} 9. Bb3
{[%clk 0:08:58]} Nxb3 {[%clk 0:08:06]} 10. axb3 {[%clk 0:08:58]} Bg4
{[%clk 0:07:29]} 11. Qe3 {[%clk 0:07:48]} b6 {[%clk 0:05:56]} 12. Nd2
{[%clk 0:07:03]} Be6 {[%clk 0:03:24]} 13. h3 {[%clk 0:06:24]} d5 {[%clk 0:03:05]}
14. Ne2 {[%clk 0:05:00]} d4 {[%clk 0:02:29]} 15. Qf3 {[%clk 0:04:29]} Nd7
{[%clk 0:02:05]} 16. Nc4 {[%clk 0:04:19]} f5 {[%clk 0:01:52]} 17. e5
{[%clk 0:03:45]} b5 {[%clk 0:01:41]} 18. Na3 {[%clk 0:03:33]} Nxe5
{[%clk 0:01:34]} 19. Bxe5 {[%clk 0:03:27]} Bxe5 {[%clk 0:01:35]} 20. Nxb5
{[%clk 0:03:26]} Bd5 {[%clk 0:01:30]} 21. Nexd4 {[%clk 0:02:32]} Bxf3
{[%clk 0:01:27]} 22. Nxf3 {[%clk 0:02:32]} Bd6 {[%clk 0:01:23]} 23. Rfd1
{[%clk 0:02:00]} e5 {[%clk 0:01:17]} 24. Ra6 {[%clk 0:01:47]} Bc7
{[%clk 0:01:13]} 25. Ra4 {[%clk 0:01:35]} e4 {[%clk 0:00:53]} 26. Nxc7
{[%clk 0:01:27]} Qxc7 {[%clk 0:00:54]} 27. dxe4 {[%clk 0:01:21]} fxe4
{[%clk 0:00:44]} 28. Rxe4 {[%clk 0:01:20]} Rae8 {[%clk 0:00:42]} 29. Rc4
{[%clk 0:01:14]} Qc6 {[%clk 0:00:35]} 30. Nd4 {[%clk 0:01:06]} Qf6
{[%clk 0:00:32]} 31. Nf3 {[%clk 0:01:06]} Qf5 {[%clk 0:00:30]} 32. Ra1
{[%clk 0:00:46]} Re7 {[%clk 0:00:29]} 33. Ra5 {[%clk 0:00:44]} Rc8
{[%clk 0:00:25]} 34. Ra1 {[%clk 0:00:35]} Qf6 {[%clk 0:00:20]} 35. Ra5
{[%clk 0:00:25]} Qd6 {[%clk 0:00:18]} 36. b4 {[%clk 0:00:22]} Qd1+
{[%clk 0:00:16]} 37. Kh2 {[%clk 0:00:21]} Qd6+ {[%clk 0:00:15]} 38. g3
{[%clk 0:00:20]} Re2 {[%clk 0:00:15]} 39. Kg2 {[%clk 0:00:15]} Rf8
{[%clk 0:00:10]} 40. Rcxc5 {[%clk 0:00:09]} Qf6 {[%clk 0:00:09]} 41. Rc3
{[%clk 0:00:10]} Re7 {[%clk 0:00:08]} 42. Ra1 {[%clk 0:00:09]} Ref7
{[%clk 0:00:09]} 43. Raa3 {[%clk 0:00:10]} Re7 {[%clk 0:00:10]} 44. b5
{[%clk 0:00:09]} Rb7 {[%clk 0:00:11]} 45. b6 {[%clk 0:00:09]} Rxb6
{[%clk 0:00:12]} 46. Rxa7 {[%clk 0:00:10]} Re6 {[%clk 0:00:12]} 47. Raa3
{[%clk 0:00:11]} Re7 {[%clk 0:00:12]} 48. b4 {[%clk 0:00:12]} Rb7
{[%clk 0:00:13]} 49. Rab3 {[%clk 0:00:13]} Qf7 {[%clk 0:00:13]} 50. Rd3
{[%clk 0:00:12]} Rd7 {[%clk 0:00:15]} 51. Re3 {[%clk 0:00:13]} Re7
{[%clk 0:00:16]} 52. Red3 {[%clk 0:00:15]} Re6 {[%clk 0:00:16]} 53. c4
{[%clk 0:00:15]} Rf6 {[%clk 0:00:17]} 54. c5 {[%clk 0:00:16]} Qb7
{[%clk 0:00:17]} 55. b5 {[%clk 0:00:16]} Rf5 {[%clk 0:00:16]} 56. c6
{[%clk 0:00:15]} Qb6 {[%clk 0:00:17]} 57. c7 {[%clk 0:00:15]} Qxc7
{[%clk 0:00:18]} 58. Rdc3 {[%clk 0:00:16]} Qb7 {[%clk 0:00:19]} 59. b6
{[%clk 0:00:16]} g5 {[%clk 0:00:19]} 60. Rc7 {[%clk 0:00:16]} Qxf3+
{[%clk 0:00:17]} 61. Rxf3 {[%clk 0:00:16]} Rxf3 {[%clk 0:00:19]} 62. Kg1
{[%clk 0:00:17]} Rb3 {[%clk 0:00:20]} 63. b7 {[%clk 0:00:17]} Rb1+
{[%clk 0:00:18]} 64. Kg2 {[%clk 0:00:18]} Rb2 {[%clk 0:00:19]} 65. Kg1
{[%clk 0:00:15]} Rbxf2 {[%clk 0:00:59]} 66. Rc8 {[%clk 0:00:16]} Rb2
{[%clk 0:01:00]} 67. b8=Q {[%clk 0:00:06]} Rxb8 {[%clk 0:01:00]} 68. Rc5
{[%clk 0:00:06]} Rb1+ {[%clk 0:01:00]} 69. Kg2 {[%clk 0:00:07]} Rb2+
{[%clk 0:01:01]} 70. Kg1 {[%clk 0:00:08]} h6 {[%clk 0:01:00]} 71. g4
{[%clk 0:00:08]} Ra8 {[%clk 0:01:01]} 72. Rf5 {[%clk 0:00:08]} Ra1+
{[%clk 0:01:01]} 73. Rf1 {[%clk 0:00:09]} Raa2 {[%clk 0:00:59]} 74. Kh1
{[%clk 0:00:08]} Rh2+ {[%clk 0:01:00]} 0-1

[Event "msr26ss"]
[Site "?"]
[Date "2026.03.26"]
[Round "6.24"]
[White "Halas, Oto"]
[Black "Azari, Martin"]
[Result "1-0"]
[BlackElo "1557"]
[WhiteElo "1420"]
[LiveChessVersion "1.4.8"]

1. e4 {[%clk 0:10:01]} e5 {[%clk 0:10:03]} 2. Nf3 {[%clk 0:10:02]} Nc6 3. d4
{[%clk 0:10:03]} exd4 {[%clk 0:10:01]} 4. Nxd4 {[%clk 0:10:04]} Qf6
{[%clk 0:09:49]} 5. Be3 {[%clk 0:09:59]} Bc5 {[%clk 0:08:43]} 6. c3
{[%clk 0:10:00]} Nxd4 {[%clk 0:07:56]} 7. Bxd4 {[%clk 0:09:56]} Bxd4 8. Qxd4
{[%clk 0:09:52]} b6 {[%clk 0:07:28]} 9. Bc4 {[%clk 0:08:38]} d6 {[%clk 0:06:18]}
10. Bb5+ {[%clk 0:06:57]} Bd7 {[%clk 0:06:09]} 11. Bxd7+ {[%clk 0:06:50]} Kxd7
{[%clk 0:06:11]} 12. Nd2 {[%clk 0:06:13]} Qg6 {[%clk 0:05:44]} 13. O-O
{[%clk 0:05:59]} Ne7 {[%clk 0:05:41]} 14. Rad1 {[%clk 0:03:30]} Rad8
{[%clk 0:04:23]} 15. Nc4 {[%clk 0:02:28]} Kc8 {[%clk 0:04:05]} 16. Rd3
{[%clk 0:00:54]} f6 {[%clk 0:03:29]} 17. Rg3 {[%clk 0:00:24]} Qf7
{[%clk 0:03:26]} 18. Ne3 {[%clk 0:00:20]} g6 {[%clk 0:03:15]} 19. Nd5
{[%clk 0:00:06]} Nxd5 {[%clk 0:03:15]} 20. Qxd5 {[%clk 0:00:07]} Qxd5
{[%clk 0:03:15]} 21. exd5 {[%clk 0:00:08]} Rde8 {[%clk 0:03:10]} 22. Re3
{[%clk 0:00:05]} Rxe3 {[%clk 0:03:08]} 23. fxe3 {[%clk 0:00:05]} Re8
{[%clk 0:03:09]} 24. Rxf6 {[%clk 0:00:05]} Re7 {[%clk 0:02:49]} 25. Rf8+
{[%clk 0:00:03]} Kd7 {[%clk 0:02:49]} 26. Rf3 {[%clk 0:00:04]} c6
{[%clk 0:02:48]} 27. dxc6+ {[%clk 0:00:03]} Kxc6 {[%clk 0:02:48]} 28. Kf2
{[%clk 0:00:04]} Kd5 {[%clk 0:02:46]} 29. Ke2 {[%clk 0:00:04]} h5
{[%clk 0:02:18]} 30. Rg3 {[%clk 0:00:05]} Re6 {[%clk 0:02:16]} 31. Rg5+
{[%clk 0:00:06]} Kc6 {[%clk 0:02:14]} 32. Rg3 {[%clk 0:00:05]} b5
{[%clk 0:02:00]} 33. Kd3 {[%clk 0:00:03]} Kc5 {[%clk 0:01:50]} 34. Rg5+
{[%clk 0:00:04]} Kc6 {[%clk 0:01:45]} 35. Kd4 {[%clk 0:00:04]} a6
{[%clk 0:01:36]} 36. e4 {[%clk 0:00:03]} a5 {[%clk 0:01:20]} 37. b4
{[%clk 0:00:04]} a4 {[%clk 0:01:18]} 38. c4 {[%clk 0:00:03]} bxc4 39. Kxc4
{[%clk 0:00:03]} Rxe4+ {[%clk 0:01:13]} 40. Kc3 {[%clk 0:00:04]} Re6
{[%clk 0:01:13]} 41. Rg3 {[%clk 0:00:03]} Kb6 {[%clk 0:00:38]} 42. Rd3
{[%clk 0:00:03]} Kc6 {[%clk 0:00:29]} 43. Rg3 {[%clk 0:00:03]} d5
{[%clk 0:00:19]} 44. Rd3 {[%clk 0:00:04]} Re4 {[%clk 0:00:15]} 45. Rd4
{[%clk 0:00:04]} Rxd4 {[%clk 0:00:12]} 46. Kxd4 {[%clk 0:00:05]} g5
{[%clk 0:00:08]} 47. Kc3 {[%clk 0:00:04]} Kb5 {[%clk 0:00:07]} 48. a3
{[%clk 0:00:04]} g4 {[%clk 0:00:04]} 49. Kd4 {[%clk 0:00:05]} Kc6
{[%clk 0:00:04]} 50. Kd3 {[%clk 0:00:04]} h4 {[%clk 0:00:05]} 51. Kd4
{[%clk 0:00:06]} Kd6 52. g3 {[%clk 0:00:05]} Ke6 {[%clk 0:00:03]} 53. b5
{[%clk 0:00:06]} Kd6 {[%clk 0:00:04]} 54. gxh4 {[%clk 0:00:06]} Ke6
{[%clk 0:00:03]} 55. b6 {[%clk 0:00:07]} Kd7 {[%clk 0:00:04]} 56. h5
{[%clk 0:00:08]} 1-0